00263nam a2200097Ia 4500008004100000041000800041100002500049245003700074260003500111999001900146241105s9999 xx 000 0 und d aeng aPurandare B.9112415 aIndian Classical Music Institute bFinal Year B. Arch, BNCAc2007 c360035d360035